| 000 | 00703nam a22002297a 4500 | ||
|---|---|---|---|
| 005 | 20170124110054.0 | ||
| 010 | _a721579 | ||
| 020 |
_c00.00 _a241024242 |
||
| 035 | _a721579 | ||
| 037 | _bCen Lib/Ret | ||
| 040 |
_aDPL _bEN |
||
| 082 |
_a610 _bGOL |
||
| 100 |
_aGoldman, Louis _926111 |
||
| 245 |
_aWhen doctors disagree : _cby Louis Goldman _bcontroversies in medicine / |
||
| 260 |
_aLondon _bHamish Hamilton _c1973 |
||
| 270 |
_bLondon _a90 Great Russell Street |
||
| 300 |
_a291p. _c21cm(Hb) |
||
| 500 | _aIncludes bibliographical references and index | ||
| 650 |
_aMedical ethics _926112 |
||
| 650 |
_aMedical care -- United States _926113 |
||
| 942 |
_2ddc _cEN _h610 _mGOL |
||
| 999 |
_c129351 _d129351 |
||